[Event "Kieler Open 2016-A"]
[Site "Kiel"]
[Date "2016.08.02"]
[Round "6.36"]
[White "Rohmann, Volker"]
[Black "Richter, Rüdiger"]
[Result "1/2-1/2"]
[WhiteElo "1820"]
[BlackElo "1905"]
[PlyCount "35"]

1. e4 c5 2. Nf3 e6 3. d4 cxd4 4. Nxd4 Bc5 5. Nb3 Bb6 6. Bd3 Ne7 7. O-O O-O 8.
Bg5 Nbc6 9. Nc3 Ne5 10. Kh1 f6 11. Bf4 d6 12. Qe2 N7c6 13. Rad1 Qe7 14. Bg3 Bd7
15. f4 Nxd3 16. Rxd3 Nd8 17. Rfd1 Nf7 18. a4 1/2-1/2

[Event "Kieler Open 2016-A"]
[Site "Kiel"]
[Date "2016.08.02"]
[Round "6.37"]
[White "Neuendorf, Max"]
[Black "Wenske, Hardy"]
[Result "1-0"]
[WhiteElo "1874"]
[BlackElo "1823"]
[PlyCount "51"]

1. e4 c6 2. d4 d5 3. Nd2 dxe4 4. Nxe4 Nf6 5. Nxf6+ exf6 6. c3 Bd6 7. Bd3 Be6 8.
Ne2 Qc7 9. Qc2 h6 10. Ng3 Nd7 11. Bd2 Bf4 12. O-O-O Bxd2+ 13. Rxd2 Qa5 14. a3
Qd5 15. c4 Qxg2 16. f4 Qh3 17. f5 O-O 18. fxe6 Qxe6 19. Bf5 Qd6 20. Ne4 Qc7 21.
Rg1 Kh8 22. Bxd7 Qxd7 23. Rxg7 Kxg7 24. Rg2+ Kh8 25. Nxf6 Qxd4 26. Qh7# 1-0

[Event "Kieler Open 2016-A"]
[Site "Kiel"]
[Date "2016.08.02"]
[Round "6.38"]
[White "Millgramm, Stephan"]
[Black "Schmieder, Kerstin"]
[Result "0-1"]
[WhiteElo "1800"]
[BlackElo "1654"]
[PlyCount "76"]

1. e4 e5 2. Nf3 Nc6 3. Bb5 d6 4. Nc3 Bd7 5. d3 Nf6 6. Bg5 Be7 7. O-O O-O 8. a3
a6 9. Bc4 Na5 10. Ba2 c5 11. Ne2 b5 12. c3 Bg4 13. Ng3 h6 14. Bxf6 Bxf6 15. h3
Bxf3 16. Qxf3 c4 17. Rad1 Qb6 18. Nf5 Bg5 19. h4 g6 20. hxg5 gxf5 21. Qxf5 hxg5
22. Qxg5+ Kh7 23. Qf6 Rae8 24. Rfe1 Re6 25. Qf5+ Rg6 26. Re3 Kg7 27. Rh3 Rg8
28. g3 Kf8 29. Kg2 Ke7 30. Rh7 Rf6 31. Qh5 Qxf2+ 32. Kh1 Qxg3 33. Qh3 cxd3 34.
Rxf7+ Rxf7 35. Qe6+ Kd8 36. Qxd6+ Rd7 37. Qf6+ Kc7 38. Bxg8 Rg7 0-1

[Event "Kieler Open 2016-A"]
[Site "Kiel"]
[Date "2016.08.02"]
[Round "6.39"]
[White "Kertesz, Oliver"]
[Black "Priemer, Siegfried"]
[Result "1/2-1/2"]
[WhiteElo "1700"]
[BlackElo "1883"]
[PlyCount "68"]

1. d4 Nf6 2. Nf3 d5 3. Bf4 Bf5 4. e3 e6 5. c3 Bd6 6. Bxd6 Qxd6 7. Qb3 b6 8. Na3
O-O 9. Nb5 Qe7 10. c4 c6 11. Nc3 Nbd7 12. cxd5 cxd5 13. Be2 a6 14. O-O b5 15.
Qd1 Rfc8 16. Nh4 Bg6 17. Nxg6 hxg6 18. Rc1 Nb6 19. Bf3 b4 20. Nb1 Rxc1 21. Qxc1
Rc8 22. Qd1 a5 23. Qd3 Nc4 24. Rc1 Qd8 25. b3 Nd6 26. Rxc8 Qxc8 27. Bd1 Qc1 28.
Qc2 Qxc2 29. Bxc2 Kf8 30. Bd3 Ke7 31. f3 Kd7 32. a3 Kc6 33. axb4 axb4 34. Kf2
Nb7 1/2-1/2

[Event "Kieler Open 2016-A"]
[Site "Kiel"]
[Date "2016.08.02"]
[Round "6.40"]
[White "Rommeck, Christiane"]
[Black "Schramm, Daniel"]
[Result "0-1"]
[WhiteElo "1558"]
[BlackElo "1988"]
[PlyCount "34"]

1. e4 g6 2. d4 Bg7 3. c3 d5 4. e5 c5 5. Be3 Nc6 6. Nf3 Bg4 7. Be2 e6 8. h3 Bxf3
9. Bxf3 Nge7 10. O-O O-O 11. Qc1 Rc8 12. Qd1 Nf5 13. Na3 Qb6 14. b3 cxd4 15.
cxd4 Ncxd4 16. Bf4 Qb4 17. Nb1 Nc2 0-1

[Event "Kieler Open 2016-A"]
[Site "Kiel"]
[Date "2016.08.03"]
[Round "7.1"]
[White "Bharadwaj, Dhanush"]
[Black "Baramidze, David"]
[Result "0-1"]
[WhiteElo "2296"]
[BlackElo "2594"]
[PlyCount "56"]
[Annotator "Meiwald"]

1. b3 e5 2. Bb2 Nc6 3. e3 Nf6 4. Bb5 Bd6 5. Bxc6 dxc6 6. d3 O-O 7. Nd2 Bg4 8.
Qc1 Nd5 9. Ngf3 Qe7 10. a3 f5 11. c4 Nxe3 12. fxe3 e4 13. O-O exf3 14. Nxf3
Rae8 15. h3 Bh5 16. Qc3 Qxe3+ 17. Kh1 Qh6 18. c5 Bg3 19. b4 Bf7 20. a4 Bd5 21.
Bc1 f4 22. Bd2 Re2 23. Be1 Qg6 24. Bd2 Rfe8 25. Rad1 Rxg2 26. Kxg2 Re2+ 27. Kh1
Rh2+ 28. Kg1 Bf2+ 0-1

[Event "Kieler Open 2016-A"]
[Site "Kiel"]
[Date "2016.08.03"]
[Round "7.2"]
[White "Braun, Arik"]
[Black "Lanka, Zigurds"]
[Result "1-0"]
[WhiteElo "2569"]
[BlackElo "2450"]
[PlyCount "93"]

1. d4 Nf6 2. c4 g6 3. Nc3 Bg7 4. e4 d6 5. f3 O-O 6. Be3 a6 7. Qd2 Nbd7 8. Nh3
c5 9. Nf2 Qa5 10. dxc5 dxc5 11. Rd1 Ne5 12. b3 Nfd7 13. Nd5 Qxd2+ 14. Rxd2 Nc6
15. Nd1 e6 16. N5c3 b6 17. f4 Rd8 18. g3 Bb7 19. Bg2 Nd4 20. O-O b5 21. cxb5
axb5 22. e5 Bxg2 23. Kxg2 Nb6 24. Rff2 b4 25. Bxd4 Rxd4 26. Rxd4 cxd4 27. Nb5
d3 28. Kf3 Rd8 29. Rd2 Bf8 30. Nf2 Rd5 31. Nc7 Ra5 32. Nxd3 Be7 33. Rc2 Nd7 34.
Ne8 Rd5 35. Ke2 Ra5 36. Nd6 Kg7 37. Ke3 g5 38. Rc7 gxf4+ 39. gxf4 Bxd6 40. exd6
Nf6 41. Nxb4 Rb5 42. a3 Rh5 43. d7 Rh3+ 44. Kd4 Nxd7 45. Rxd7 Rxb3 46. Ra7 Rh3
47. Nd3 1-0

[Event "Kieler Open 2016-A"]
[Site "Kiel"]
[Date "2016.08.03"]
[Round "7.3"]
[White "Junge, Ralph"]
[Black "Krause, Benedict"]
[Result "0-1"]
[WhiteElo "2277"]
[BlackElo "2381"]
[PlyCount "54"]

1. d4 Nf6 2. c4 e6 3. Nc3 Bb4 4. f3 c5 5. d5 b5 6. e4 O-O 7. Bg5 h6 8. Bh4 exd5
9. cxd5 a6 10. Nge2 d6 11. g4 Nbd7 12. Bg2 Re8 13. O-O Ne5 14. Kh1 Ba5 15. Qc2
Bd7 16. a3 Bb6 17. h3 b4 18. Nd1 Bb5 19. a4 Bd3 20. Qd2 Nxe4 21. fxe4 Qxh4 22.
Nf2 c4 23. Nxd3 Nxd3 24. Kh2 Nf2 25. Qf4 Rxe4 26. Bxe4 Qxh3+ 27. Kg1 Nxg4+ 0-1

[Event "Kieler Open 2016-A"]
[Site "Kiel"]
[Date "2016.08.03"]
[Round "7.4"]
[White "Krause, Jonah"]
[Black "Ernst, Thomas"]
[Result "1/2-1/2"]
[WhiteElo "2268"]
[BlackElo "2357"]
[PlyCount "47"]

1. d4 Nf6 2. c4 e6 3. g3 d5 4. Nf3 dxc4 5. Bg2 Nc6 6. Qa4 Bb4+ 7. Bd2 Nd5 8.
Qb5 Bxd2+ 9. Nbxd2 c3 10. bxc3 Nxc3 11. Qd3 Nd5 12. O-O O-O 13. Rfc1 Qe7 14.
Rab1 Rd8 15. a3 Nb6 16. Qc3 Rb8 17. e4 Bd7 18. Re1 Be8 19. h4 f6 20. Qa1 Qf8
21. Bh3 Bf7 22. Rbc1 Rd7 23. Nb3 Re7 24. Nc5 1/2-1/2

[Event "Kieler Open 2016-A"]
[Site "Kiel"]
[Date "2016.08.03"]
[Round "7.5"]
[White "Parvanyan, Ashot"]
[Black "Voloshin, Leonid"]
[Result "0-1"]
[WhiteElo "2240"]
[BlackElo "2424"]
[PlyCount "104"]

1. d4 Nf6 2. c4 e6 3. Nf3 Bb4+ 4. Bd2 Qe7 5. g3 Nc6 6. Nc3 Bxc3 7. Bxc3 Ne4 8.
Qc2 Nxc3 9. Qxc3 Qb4 10. Rc1 a5 11. Bg2 d6 12. d5 Qxc3+ 13. Rxc3 Nb4 14. a3 Na6
15. b3 Ke7 16. O-O Bd7 17. Rb1 c6 18. b4 axb4 19. axb4 cxd5 20. cxd5 exd5 21.
Nd4 Be6 22. f4 g6 23. g4 Bxg4 24. Bxd5 Rab8 25. Ra3 Nc7 26. Bg2 Ne6 27. Nxe6
fxe6 28. e3 d5 29. Ra7 Rhc8 30. b5 Bf5 31. Rb2 Kd6 32. Ra1 Rd8 33. Rd1 Rd7 34.
h3 Rc8 35. Kf2 Rc4 36. Ra1 Rc2+ 37. Rxc2 Bxc2 38. Kg3 Bd3 39. Kf3 Rc7 40. b6
Rf7 41. Ra2 Rf8 42. Rd2 Bc4 43. Kg4 Kc5 44. Rb2 Ra8 45. Kg5 Ra2 46. Rxa2 Bxa2
47. Kh6 Kxb6 48. e4 Kc5 49. Kxh7 Bb3 50. exd5 exd5 51. Kg7 b5 52. Kf6 Bc4 0-1

[Event "Kieler Open 2016-A"]
[Site "Kiel"]
[Date "2016.08.03"]
[Round "7.6"]
[White "Kaulich, Philipp Theodor"]
[Black "Fries-Nielsen, Jens Ove"]
[Result "0-1"]
[WhiteElo "2148"]
[BlackElo "2359"]
[PlyCount "74"]

1. e4 e6 2. Nf3 c5 3. d4 cxd4 4. c3 d3 5. c4 Nc6 6. Bxd3 Bc5 7. O-O Nf6 8. Nc3
d6 9. a3 a6 10. h3 h6 11. b4 Ba7 12. Bb2 e5 13. Nd5 Be6 14. Ne1 Nh7 15. Kh2 O-O
16. Nc2 Qh4 17. f4 exf4 18. Rxf4 Qg5 19. Rf3 Ne5 20. Rg3 Qh4 21. Nd4 Ng5 22.
Ne7+ Kh7 23. Nef5 Nxd3 24. Qxd3 Bxf5 25. Nxf5 Qf4 26. c5 dxc5 27. Rc1 Qc7 28.
h4 Rad8 29. Qc3 Ne6 30. Nxg7 Nd4 31. Nf5 Bb8 32. Kh1 Rg8 33. e5 Qxe5 34. Nxd4
Rxg3 35. Qc2+ Kg8 36. Nf5 Rc3 37. Nxh6+ Kf8 0-1

[Event "Kieler Open 2016-A"]
[Site "Kiel"]
[Date "2016.08.03"]
[Round "7.7"]
[White "Jahncke, Giso"]
[Black "Pluska, Alexander"]
[Result "1-0"]
[WhiteElo "2332"]
[BlackElo "2116"]
[PlyCount "51"]

1. Nf3 d5 2. c4 e6 3. g3 Nf6 4. Bg2 dxc4 5. Na3 Nbd7 6. Nxc4 Rb8 7. O-O c5 8.
a4 b6 9. Nfe5 Bb7 10. Nc6 Bxc6 11. Bxc6 Qc7 12. Bg2 Be7 13. d3 O-O 14. Qb3 Ne8
15. Bf4 Nd6 16. Rfd1 g5 17. Bd2 Nf5 18. e3 Bf6 19. Rac1 Qd8 20. Bc3 Qe7 21. Qb5
Rfd8 22. Qa6 Nf8 23. Be5 b5 24. axb5 Bxe5 25. Nxe5 Rb6 26. Nc6 1-0

[Event "Kieler Open 2016-A"]
[Site "Kiel"]
[Date "2016.08.03"]
[Round "7.8"]
[White "Jacobs, Florian"]
[Black "Wichmann, Cliff"]
[Result "1/2-1/2"]
[WhiteElo "2228"]
[BlackElo "2314"]
[PlyCount "50"]

1. d4 e6 2. c4 Nf6 3. Nf3 d5 4. Nc3 dxc4 5. e4 c5 6. d5 exd5 7. exd5 Bd6 8.
Bxc4 O-O 9. O-O a6 10. a4 Bg4 11. Bg5 Re8 12. h3 Bh5 13. Be2 Nbd7 14. Re1 h6
15. Be3 Qc7 16. Nh4 Bxe2 17. Rxe2 Bf4 18. Nf5 Bxe3 19. Rxe3 Rxe3 20. Nxe3 Nb6
21. Qf3 Rd8 22. Rd1 Nc8 23. Ne4 Nxe4 24. Qxe4 Nd6 25. Qf4 b5 1/2-1/2

[Event "Kieler Open 2016-A"]
[Site "Kiel"]
[Date "2016.08.03"]
[Round "7.9"]
[White "Böhm, Thomas"]
[Black "Thorgeirsson, Sverrir"]
[Result "1/2-1/2"]
[WhiteElo "2148"]
[BlackElo "2282"]
[PlyCount "79"]

1. e4 e6 2. d4 d5 3. Nc3 Nf6 4. Bg5 dxe4 5. Nxe4 Nbd7 6. Nf3 Be7 7. Nxf6+ Bxf6
8. h4 O-O 9. Qd2 c5 10. O-O-O Qb6 11. Bd3 Bxd4 12. Nxd4 cxd4 13. h5 e5 14. Qe2
Qc5 15. f4 Re8 16. Rdf1 Nf8 17. Qf3 e4 18. Bxe4 Rxe4 19. Qxe4 Bf5 20. Qe2 Rc8
21. Kb1 Bxc2+ 22. Ka1 Qa5 23. Qe1 Qa6 24. h6 Ne6 25. Rf3 d3 26. Re3 Bb3 27. a3
Qd6 28. Qd2 Bc2 29. Rhe1 Qd7 30. Re5 Nd4 31. Qc3 Rf8 32. hxg7 Ra8 33. Bf6 d2
34. Qxd4 dxe1=Q+ 35. Rxe1 Qb5 36. Qe5 Qa4 37. Qe7 Qb5 38. Qe5 Qd7 39. Qc3 Rc8
40. Qe3 1/2-1/2

[Event "Kieler Open 2016-A"]
[Site "Kiel"]
[Date "2016.08.03"]
[Round "7.10"]
[White "Saglam, Bülent"]
[Black "Plüg, Andreas"]
[Result "0-1"]
[WhiteElo "2100"]
[BlackElo "2271"]
[PlyCount "46"]

1. d4 c5 2. d5 e5 3. dxe6 fxe6 4. e4 d5 5. Nc3 Nf6 6. Bg5 Be7 7. e5 Nfd7 8.
Bxe7 Qxe7 9. f4 O-O 10. g3 b5 11. Nxd5 exd5 12. Qxd5+ Kh8 13. Qxa8 Nxe5 14.
fxe5 Bb7 15. Qxa7 Qxe5+ 16. Ne2 Qe3 17. Qb6 Bxh1 18. b4 Qf2+ 19. Kd2 Nc6 20. a4
Rd8+ 21. Qxd8+ Nxd8 22. bxc5 Bf3 23. axb5 Bxe2 0-1

[Event "Kieler Open 2016-A"]
[Site "Kiel"]
[Date "2016.08.03"]
[Round "7.11"]
[White "Uksini, Bardhyl"]
[Black "Bente, Björn"]
[Result "1/2-1/2"]
[WhiteElo "2259"]
[BlackElo "2228"]
[PlyCount "41"]

1. Nf3 Nf6 2. c4 g6 3. b3 Bg7 4. Bb2 O-O 5. e3 c5 6. Be2 Nc6 7. O-O d5 8. cxd5
Nxd5 9. Bxg7 Kxg7 10. Qc1 Qd6 11. Nc3 b6 12. d4 Nxc3 13. Qxc3 cxd4 14. Nxd4
Nxd4 15. Rfd1 Be6 16. Rxd4 Rfc8 17. Qd2 Qc7 18. Bf3 Rab8 19. Rd1 Qc2 20. Be4
Qxd2 21. R4xd2 1/2-1/2

[Event "Kieler Open 2016-A"]
[Site "Kiel"]
[Date "2016.08.03"]
[Round "7.12"]
[White "Ijzermans, Gijs"]
[Black "Johansson, Thomas"]
[Result "0-1"]
[WhiteElo "2106"]
[BlackElo "2222"]
[PlyCount "70"]

1. d4 Nf6 2. Nf3 e6 3. g3 d5 4. c4 c6 5. Bg2 Nbd7 6. Nc3 dxc4 7. O-O Be7 8. Qc2
O-O 9. Bg5 h6 10. Bxf6 Bxf6 11. e4 e5 12. d5 Nb6 13. dxc6 bxc6 14. Rfd1 Qe7 15.
Na4 Qb4 16. Nxb6 axb6 17. a3 Qc5 18. Qc3 Be6 19. Rd2 Ra5 20. Bf1 Rb5 21. Rc2
Rb3 22. Qxb3 cxb3 23. Rxc5 bxc5 24. Rc1 Rd8 25. Kg2 Be7 26. Be2 g5 27. Rd1 Rxd1
28. Bxd1 c4 29. Nd2 Bc5 30. Nb1 Bd4 31. Nc3 Bxc3 32. bxc3 Kf8 33. Kf1 Bg4 34.
Ke1 Bxd1 35. Kxd1 g4 0-1

[Event "Kieler Open 2016-A"]
[Site "Kiel"]
[Date "2016.08.03"]
[Round "7.13"]
[White "Light, Bjarne"]
[Black "Ghadimi, Mohammed Reza"]
[Result "0-1"]
[WhiteElo "2205"]
[BlackElo "2098"]
[PlyCount "128"]

1. d4 Nf6 2. Bf4 d5 3. e3 Bf5 4. c4 c6 5. Nc3 e6 6. Qb3 Qb6 7. c5 Qxb3 8. axb3
Nbd7 9. b4 Nh5 10. b5 Nxf4 11. exf4 Be7 12. Nf3 O-O 13. Be2 h6 14. Kd2 f6 15.
b4 Rfc8 16. Ra2 cxb5 17. Rha1 a6 18. Bxb5 Nf8 19. Be2 Rab8 20. b5 axb5 21. Bxb5
Ng6 22. g3 Rd8 23. Ba4 Bg4 24. Ne1 e5 25. Bb3 exd4 26. Nxd5 Kh8 27. f3 Bd7 28.
Nxe7 Nxe7 29. Bc2 Nd5 30. Rb2 Ne3 31. Bd3 Bc6 32. Rb4 g5 33. f5 h5 34. h3 Kg7
35. g4 h4 36. Be4 Nd5 37. Bxd5 Rxd5 38. Kd3 Rxc5 39. Rxd4 Re5 40. Kd2 Rbe8 41.
Nd3 Re2+ 42. Kc3 Bxf3 43. Nc5 Rc8 44. Kb4 Rb2+ 45. Ka3 Rb6 46. Rc1 Bc6 47. Ne6+
Kf7 48. Nd8+ Kf8 49. Nxc6 bxc6 50. Ra4 Ke7 51. Ra7+ Kd6 52. Rd1+ Ke5 53. Re7+
Kf4 54. Rd4+ Kf3 55. Rd3+ Kg2 56. Ra7 c5 57. Ka2 c4 58. Rc3 Rcb8 59. Rxc4 Rb2+
60. Ka1 Kxh3 61. Ra3+ R2b3 62. Rxb3+ Rxb3 63. Rc6 Kxg4 64. Rxf6 Rf3 0-1

[Event "Kieler Open 2016-A"]
[Site "Kiel"]
[Date "2016.08.03"]
[Round "7.14"]
[White "Wunder, Niklas"]
[Black "Gottuk, Stefan"]
[Result "1-0"]
[WhiteElo "2089"]
[BlackElo "2203"]
[PlyCount "99"]

1. e4 e6 2. d4 d5 3. Nc3 Nf6 4. e5 Nfd7 5. f4 c5 6. Nf3 Be7 7. Be3 b6 8. a4 Nc6
9. Qd2 Bb7 10. Be2 O-O 11. O-O cxd4 12. Nxd4 Nc5 13. Nxc6 Bxc6 14. b4 Nd7 15.
Nb5 Nb8 16. a5 Bb7 17. axb6 axb6 18. Rxa8 Bxa8 19. c3 Bb7 20. Qd4 Nd7 21. Rf3
f6 22. Rg3 Qb8 23. Bg4 f5 24. Be2 g6 25. Qd2 Rf7 26. Bd4 Bc6 27. c4 Nf8 28. Nd6
Bxd6 29. exd6 dxc4 30. Bxc4 Qxd6 31. Rd3 Be4 32. Be5 Qc6 33. Rd4 Rd7 34. Bf1
Kf7 35. b5 Qc5 36. Kh1 Rd5 37. Qb2 Nd7 38. Rxd5 exd5 39. Bh8 Qf8 40. Bd4 Qd6
41. Qf2 Ke6 42. h3 Nc5 43. Qh4 Qe7 44. Qf2 h6 45. Qg3 Kf7 46. Bb2 Ne6 47. Ba3
Qc7 48. Qh4 Nxf4 49. Qxh6 Qb8 50. Qh7+ 1-0

[Event "Kieler Open 2016-A"]
[Site "Kiel"]
[Date "2016.08.03"]
[Round "7.15"]
[White "Beeck, Mats"]
[Black "De Vries, Joel"]
[Result "1/2-1/2"]
[WhiteElo "2196"]
[BlackElo "2086"]
[PlyCount "74"]

1. e4 e6 2. d4 d5 3. Nd2 dxe4 4. Nxe4 Nd7 5. Nf3 Ngf6 6. Nxf6+ Nxf6 7. c3 Be7
8. Bd3 O-O 9. O-O b6 10. Re1 Bb7 11. Bg5 h6 12. Bh4 Nd7 13. Bg3 c5 14. Bc2 cxd4
15. cxd4 Bf6 16. Qd3 g6 17. Bf4 Bg7 18. h4 Bxf3 19. Qxf3 Qxh4 20. Bd6 Rfd8 21.
Bc7 Re8 22. d5 exd5 23. Bxg6 Qf6 24. Qxd5 Qxg6 25. Qxd7 Re4 26. Rxe4 Qxe4 27.
Qd2 Qd4 28. Rd1 Qxb2 29. Qxb2 Bxb2 30. Bf4 Bg7 31. Rd7 a5 32. Rd6 b5 33. Bxh6
Bxh6 34. Rxh6 b4 35. Rd6 Rc8 36. Rd2 Kg7 37. Rb2 Rc3 1/2-1/2

[Event "Kieler Open 2016-A"]
[Site "Kiel"]
[Date "2016.08.03"]
[Round "7.16"]
[White "Schagen, Walt"]
[Black "Voelzke, Ferdinand"]
[Result "1-0"]
[WhiteElo "2082"]
[BlackElo "2159"]
[PlyCount "73"]

1. e4 d6 2. d4 Nf6 3. Nc3 e5 4. Nf3 Nbd7 5. g3 Be7 6. Bg2 O-O 7. O-O c6 8. a4
Re8 9. a5 Qc7 10. h3 Bf8 11. Be3 exd4 12. Nxd4 Ne5 13. Qe2 a6 14. f4 Ned7 15.
Nb3 c5 16. g4 d5 17. exd5 c4 18. Nd4 Nc5 19. Rfe1 Bd7 20. Qxc4 Rxe3 21. Rxe3
Qxf4 22. Rf3 Qg5 23. Re1 Rc8 24. Qf1 h5 25. Rxf6 gxf6 26. gxh5 Bxh3 27. Nf3 Qg3
28. Ne2 Qxg2+ 29. Qxg2+ Bxg2 30. Kxg2 Ne4 31. Ned4 Nd6 32. b4 Nb5 33. Nxb5
Rxc2+ 34. Kg3 axb5 35. Re8 Rc3 36. h6 Rd3 37. h7+ 1-0

[Event "Kieler Open 2016-A"]
[Site "Kiel"]
[Date "2016.08.03"]
[Round "7.17"]
[White "Grote, Dirk"]
[Black "Möller, Dustin"]
[Result "1/2-1/2"]
[WhiteElo "2139"]
[BlackElo "1985"]
[PlyCount "55"]

1. d4 d5 2. c4 e6 3. Nc3 Nf6 4. cxd5 exd5 5. Bg5 c6 6. Qc2 Be7 7. e3 h6 8. Bh4
Nbd7 9. Bd3 Nh5 10. Bxe7 Qxe7 11. Nge2 Nb6 12. O-O O-O 13. Rae1 Be6 14. Ng3
Nxg3 15. hxg3 Rad8 16. Na4 Nxa4 17. Qxa4 a6 18. Qa5 Qd7 19. Qb6 Rc8 20. b4 Qc7
21. Qxc7 Rxc7 22. a4 Rfc8 23. Ra1 Bd7 24. Rfc1 Kf8 25. Rc3 Ke7 26. Kf1 Kd6 27.
Ke2 Ra8 28. Rb1 1/2-1/2

[Event "Kieler Open 2016-A"]
[Site "Kiel"]
[Date "2016.08.03"]
[Round "7.18"]
[White "Horn, Peter"]
[Black "Deutschbein, Christopher"]
[Result "1-0"]
[WhiteElo "2121"]
[BlackElo "2006"]
[PlyCount "111"]

1. c4 Nf6 2. Nc3 e6 3. e4 d5 4. e5 Nfd7 5. d4 dxc4 6. Bxc4 Nb6 7. Bb3 c5 8. Nf3
cxd4 9. Nxd4 Bc5 10. Be3 Bxd4 11. Qxd4 Qxd4 12. Bxd4 Nc6 13. Bxb6 axb6 14. f4
Nd4 15. Kf2 Bd7 16. Rhd1 Nxb3 17. axb3 Rc8 18. Rd4 Ke7 19. Rad1 Bc6 20. g3 f6
21. exf6+ gxf6 22. Ke3 Rhd8 23. R1d2 Rxd4 24. Rxd4 Ra8 25. b4 b5 26. f5 e5 27.
Rh4 Rh8 28. Ne4 Kf7 29. Nc5 b6 30. Ne4 Kg7 31. Nxf6 Kxf6 32. Rh6+ Kxf5 33. Rxc6
Rb8 34. Rh6 Rb7 35. Rh5+ Kf6 36. Ke4 Rc7 37. b3 Kg6 38. Rxe5 Rc2 39. h4 Rc3 40.
Kf4 Rxb3 41. Rxb5 h5 42. Rxb6+ Kg7 43. Rb5 Kg6 44. Rg5+ Kh6 45. b5 Rb4+ 46. Ke3
Rc4 47. Kd3 Rc1 48. Kd4 Rb1 49. Kc5 Rc1+ 50. Kd6 Rc3 51. b6 Rb3 52. Kc7 Rc3+
53. Kb8 Ra3 54. b7 Rb3 55. Kc7 Rc3+ 56. Kb6 1-0

[Event "Kieler Open 2016-A"]
[Site "Kiel"]
[Date "2016.08.03"]
[Round "7.19"]
[White "Quiring, Nikolai"]
[Black "Rieper, Julian"]
[Result "1-0"]
[WhiteElo "2026"]
[BlackElo "1999"]
[PlyCount "109"]

1. d4 Nf6 2. c4 c5 3. d5 b5 4. cxb5 a6 5. e3 e6 6. Nc3 exd5 7. Nxd5 Bb7 8.
Nxf6+ Qxf6 9. bxa6 Nxa6 10. Nf3 Be7 11. Bd2 O-O 12. Bc3 Qe6 13. Be2 Nc7 14. O-O
Nd5 15. Qd2 Nxc3 16. bxc3 Bc6 17. Rfb1 Ra3 18. Bb5 Be4 19. Rb3 Qxb3 20. axb3
Rxa1+ 21. Ne1 Rb8 22. f3 Bxf3 23. Kf2 Rxb5 24. Qxd7 Bh4+ 25. Kxf3 Rb8 26. Nd3
Bf6 27. Nxc5 Bxc3 28. Ne4 Bb4 29. Ng5 Rf1+ 30. Ke2 Rf6 31. Qa7 Rf8 32. Qd4 Be7
33. Qe4 Rf2+ 34. Kxf2 Bxg5 35. b4 h6 36. b5 Rb8 37. Qc6 Bf6 38. b6 Be5 39. b7
g6 40. g3 Kg7 41. Kf3 Rf8 42. Ke4 Bb8 43. Qd7 h5 44. Kf3 Rh8 45. h3 Be5 46. e4
Bb8 47. Qe7 Rf8 48. e5 Kg8 49. g4 hxg4+ 50. Kxg4 Ba7 51. h4 Rb8 52. h5 gxh5+
53. Kxh5 Bb6 54. e6 Rf8 55. Qxf8+ 1-0

[Event "Kieler Open 2016-A"]
[Site "Kiel"]
[Date "2016.08.03"]
[Round "7.20"]
[White "Dittrich, Gunnar"]
[Black "Nonnenmacher, Thomas"]
[Result "1-0"]
[WhiteElo "1950"]
[BlackElo "2146"]
[PlyCount "93"]

1. e4 Nf6 2. e5 Nd5 3. d4 d6 4. Nf3 dxe5 5. Nxe5 g6 6. Bc4 c6 7. Nc3 Be6 8.
Bxd5 cxd5 9. O-O Bg7 10. f4 Nd7 11. Be3 Nxe5 12. dxe5 Qd7 13. Ne2 O-O 14. Nd4
Bg4 15. Qd2 f6 16. h3 fxe5 17. hxg4 exd4 18. Bxd4 Bxd4+ 19. Qxd4 Rac8 20. c3
Rc4 21. Qxa7 Rcxf4 22. Rxf4 Rxf4 23. Qb8+ Rf8 24. Qe5 Qxg4 25. Qxd5+ e6 26. Qe5
Qc4 27. b3 Qa6 28. Rd1 Qb6+ 29. Qd4 Qb5 30. c4 Qf5 31. Re1 h5 32. Qe3 Rf7 33.
a4 g5 34. Re2 g4 35. Qxe6 Qf1+ 36. Kh2 Kg7 37. Qe5+ Kg6 38. Qe6+ Kg7 39. Qe5+
Kg6 40. Qe4+ Rf5 41. Qe8+ Kh6 42. Re6+ Rf6 43. Qh8+ Kg6 44. Qxf6+ Qxf6 45.
Rxf6+ Kxf6 46. c5 h4 47. c6 1-0

[Event "Kieler Open 2016-A"]
[Site "Kiel"]
[Date "2016.08.03"]
[Round "7.21"]
[White "Parvanyan, Alfred"]
[Black "Petri, Alexander"]
[Result "0-1"]
[WhiteElo "1943"]
[BlackElo "2139"]
[PlyCount "100"]

1. Nf3 Nf6 2. c4 c6 3. d4 d5 4. Nbd2 g6 5. g3 Bg7 6. Bg2 O-O 7. O-O Bf5 8. b3
Ne4 9. Bb2 a5 10. a3 Nd7 11. Nxe4 Bxe4 12. Nd2 Bxg2 13. Kxg2 e5 14. dxe5 Nxe5
15. Qc2 d4 16. Qe4 Re8 17. Qxd4 Qxd4 18. Bxd4 Nxc4 19. Nxc4 Bxd4 20. Rad1 Bc5
21. Rd7 b5 22. Nd6 Rxe2 23. Nxf7 Ra7 24. Nh6+ Kf8 25. Rd3 Kg7 26. Ng4 Rf7 27.
Rc3 Ba7 28. b4 a4 29. Ne3 Bxe3 30. Rxe3 Rfxf2+ 31. Rxf2 Rxe3 32. Ra2 Rc3 33.
Kh3 Kf6 34. Rd2 Ke6 35. Ra2 Kd5 36. Kg4 h6 37. Rd2+ Kc4 38. Rd6 Kb3 39. Rxg6
Kxa3 40. Rxh6 Kb2 41. h4 a3 42. Rf6 a2 43. Rf2+ Rc2 44. Rf1 Rc1 45. Rf2+ Kb3
46. Rxa2 Kxa2 47. h5 c5 48. bxc5 Rxc5 49. h6 b4 50. h7 Rc8 0-1

[Event "Kieler Open 2016-A"]
[Site "Kiel"]
[Date "2016.08.03"]
[Round "7.22"]
[White "Topalov, Mihail"]
[Black "Haffner, Alexander"]
[Result "0-1"]
[WhiteElo "1927"]
[BlackElo "2118"]
[PlyCount "94"]

1. e4 g6 2. d4 Bg7 3. Be3 d6 4. Nc3 c6 5. Nf3 b5 6. Qd2 a6 7. h3 Nd7 8. Bd3 Bb7
9. a4 Rc8 10. O-O e5 11. axb5 cxb5 12. d5 Ngf6 13. Ne2 O-O 14. Ng3 Nb6 15. b3
Nfd7 16. Rfc1 Nc5 17. Bf1 Nbd7 18. Qb4 f5 19. Bg5 Qe8 20. exf5 gxf5 21. Rab1
Bxd5 22. Nh4 Be6 23. c4 f4 24. Ne2 bxc4 25. bxc4 h6 26. Bxf4 exf4 27. Qd2 Ne4
28. Qd3 Ndc5 29. Qd1 Qh5 30. Nf3 Bxh3 31. Ned4 Bg4 32. Be2 Rce8 33. Qc2 Bxd4
34. Nxd4 Bxe2 35. Nxe2 f3 36. gxf3 Qxf3 37. Ng3 Qxf2+ 38. Qxf2 Nxf2 39. Rc2
Nh3+ 40. Kg2 Nf4+ 41. Kh2 h5 42. Rb6 h4 43. Nh1 Rf6 44. Nf2 Rg6 45. Nh3 Nfd3
46. Rd2 Ne5 47. Ng1 Nxc4 0-1

[Event "Kieler Open 2016-A"]
[Site "Kiel"]
[Date "2016.08.03"]
[Round "7.23"]
[White "Christensen, Andreas"]
[Black "Berger, Joachim"]
[Result "1-0"]
[WhiteElo "1773"]
[BlackElo "2022"]
[PlyCount "189"]
[EventDate "2016.??.??"]

1. e4 e5 2. Nf3 Nc6 3. Bc4 Nf6 4. d3 Bc5 5. c3 a6 6. Bb3 Ba7 7. Nbd2 d6 8. h3
h6 9. Nf1 d5 10. Qe2 O-O 11. g4 dxe4 12. dxe4 Be6 13. Ng3 Bxb3 14. axb3 Qd7 15.
Nh4 Rfd8 16. g5 hxg5 17. Bxg5 Qd3 18. Bxf6 Qxe2+ 19. Kxe2 gxf6 20. Nhf5 Kh7 21.
Rhg1 Rg8 22. Rad1 Rad8 23. b4 Rxd1 24. Rxd1 Rd8 25. Rd5 Bb6 26. Ne7 Rxd5 27.
Nxd5 Kg6 28. Nf5 Nd8 29. Nfe7+ Kg5 30. Nc8 Ne6 31. Kf3 f5 32. h4+ Kxh4 33. exf5
Ng5+ 34. Ke2 Kg4 35. Ndxb6 cxb6 36. Nd6 Kf4 37. c4 Ne4 38. Nxb7 Kxf5 39. Nd8
Kf6 40. Ke3 Ng5 41. Nc6 Ke6 42. Nb8 a5 43. c5 axb4 44. cxb6 Kd6 45. b7 Kc7 46.
Nc6 Kxb7 47. Nxe5 f6 48. Nd3 Kc6 49. Nxb4+ Kc5 50. Nd3+ Kc4 51. Nc1 Nf7 52. Kf4
Nd6 53. Kg4 Ne4 54. f4 Nf2+ 55. Kf3 Nd1 56. b3+ Kb4 57. Ke4 Nf2+ 58. Kd5 Ng4
59. Ke6 Ne3 60. Kxf6 Nd5+ 61. Ke5 Kc5 62. Nd3+ Kc6 63. f5 Ne7 64. b4 Ng8 65.
Ke6 Nh6 66. f6 Kb5 67. f7 Nxf7 68. Kxf7 Kc4 69. Ke6 Kb5 70. Ke7 Kb6 71. Ke8 Kc6
72. Kd8 Kb6 73. Kc8 Kc6 74. Kd8 Kb6 75. Kd7 Kb7 76. Kd6 Kb6 77. Kd5 Kb5 78. Kd4
Kb6 79. Kc4 Kc6 80. Ne5+ Kb6 81. b5 Kb7 82. Kc5 Kc7 83. b6+ Kb7 84. Nd7 Ka8 85.
Ne5 Kb7 86. Nc4 Kb8 87. Kc6 Kc8 88. b7+ Kd8 89. b8=Q+ Ke7 90. Qe5+ Kf7 91. Nd6+
Kg6 92. Qf4 Kg7 93. Qf5 Kg8 94. Qg6+ Kh8 95. Nf7# 1-0

[Event "Kieler Open 2016-A"]
[Site "Kiel"]
[Date "2016.08.03"]
[Round "7.24"]
[White "Busse, Tom Niklas"]
[Black "Van den Boogaart, Jan Marten"]
[Result "1/2-1/2"]
[WhiteElo "1997"]
[BlackElo "1988"]
[PlyCount "45"]

1. d4 Nf6 2. Bf4 e6 3. Nf3 d5 4. e3 Bd6 5. Bg3 b6 6. Bd3 Bb7 7. Nbd2 Bxg3 8.
hxg3 Nbd7 9. c3 Qe7 10. Qc2 h6 11. e4 dxe4 12. Nxe4 Nxe4 13. Bxe4 Bxe4 14. Qxe4
Rb8 15. Ne5 Nxe5 16. Qxe5 O-O 17. O-O-O Qg5+ 18. Qxg5 hxg5 19. Rhe1 Rfe8 20.
Re3 f6 21. f4 gxf4 22. gxf4 Kf7 23. Rde1 1/2-1/2

[Event "Kieler Open 2016-A"]
[Site "Kiel"]
[Date "2016.08.03"]
[Round "7.25"]
[White "Schoonackers, Jeroen"]
[Black "Keyser, Philipp"]
[Result "1-0"]
[WhiteElo "2055"]
[BlackElo "1865"]
[PlyCount "83"]

1. d4 Nf6 2. c4 e6 3. Nc3 Bb4 4. e3 O-O 5. Nge2 d5 6. a3 Be7 7. cxd5 exd5 8.
Nf4 c6 9. Bd3 Nbd7 10. O-O Re8 11. Bd2 Nf8 12. b4 a6 13. f3 Ng6 14. Nfe2 Bd6
15. h3 Nh5 16. f4 f5 17. Qc2 Qf6 18. Kh2 Ne7 19. Ng1 h6 20. Nf3 g5 21. g3 Kh8
22. Ne5 Rg8 23. Rg1 Be6 24. Raf1 Raf8 25. Qd1 Ng7 26. Na4 Ng6 27. Nc5 Bc8 28.
Ncd7 Bxd7 29. Nxd7 Qe6 30. Nxf8 Rxf8 31. a4 h5 32. Kh1 g4 33. hxg4 hxg4 34. Kg2
Kg8 35. Rh1 Kf7 36. Qc2 Rh8 37. Rxh8 Nxh8 38. b5 axb5 39. axb5 cxb5 40. Bxb5
Nh5 41. Rh1 Kg6 42. Bd3 1-0